LEADER 01243nam a2200289 4500 001 000000344105 003 CaOOAMICUS 005 20211022151615.0 008 210202s1947 fr 000 u fre r 040 $aSeMil$bita 100 1 $aEliot, Thomas Stearns,$d<1888-1965>.$0(OLS)http://semarc/name/16556 240 10$aMurder in the cathedral.$0(OLS)http://semarc/title/48658 245 10$aMeurtre dans la cathédrale /$cT. S. Eliot ; traduit de l'anglais et présenté par Henri Fluchère. 264 1$aParis :$bÉditions du Seuil,$c[1947] 300 $a140 p. ;$c19 cm 490 1 $a"Pierres vives" 541 0 $aFondo mons. Pasquale Macchi (1V I 462) 650 4$aEliot, Thomas Stearns <1888-1965> - Opere.$0(OLS)http://semarc/subject/10610 700 1 $aFluchère, Henri.$0(OLS)http://semarc/name/112949 830 0$aPierres vives.$0(OLS)http://semarc/title/433182 850 $aSeMil 852 $aSeMil$W1$xVenegono$y1$m1V I 462$j224029$B235145$CSeMilBibl$Z2$F235145 $81 941 1 $a8 961 $aFondo mons. Pasquale Macchi 996 $6245$aMeurtre dans la cathédrale$9(OLS)http://semarc/title/433181 996 $6264$aParis :$bÉditions du Seuil$9(OLS)http://semarc/publisher/29806 LEADER 01525nam a2200301 i 4500 001 000000123799 003 CaOOAMICUS 005 20240725104231.0 008 040429s1993 it u000 u ita u 013 $a96495 040 $aSeMil$bita 240 00$aSan Lorenzo, 393-1993, l'architettura.$0(OLS)http://semarc/title/182053 245 10$aSan Lorenzo, 393-1993, l' architettura :$ble vicende della fabbrica /$ca cura di Gabriele Morolli e Pietro Ruschi. 260 $aFirenze :$bAlinea,$ccopyr. 1993. 300 $a215 p. :$briccamente ill. ;$c30 cm. 490 0 $aCataloghi ;$v54 500 $aContiene : Bibliografia generale. - In occhietto : Cassa di Risparmio di Firenze. - Catalogo della Mostra tenuta a Firenze nella Basilica di San Lorenzo, 25 settembre 1993-12 dicembre 1993. - Fondo Card. C.M. Martini. 650 4$aFirenze - Chiese - Basilica di San Lorenzo e complesso Mediceo Laurenziano.$0(OLS)http://semarc/subject/56027 700 1 $aRuschi, Pietro.$0(OLS)http://semarc/name/51394 700 1 $aMorolli, Gabriele.$0(OLS)http://semarc/name/46714 830 0$aCataloghi ;$v54.$0(OLS)http://semarc/title/11587 850 $aSeMil 852 $aSeMil$W1$xVenegono$y1$m5J X 17$j78445$B78445$CSeMilBibl$Z2$F82453 $81 941 1 $a4 961 $aOmaggio: Martini Card. Carlo Maria 996 $6245$aSan Lorenzo, 393-1993, l' architettura :$ble vicende della fabbrica$9(OLS)http://semarc/title/182054 996 $6260$aFirenze :$bAlinea$9(OLS)http://semarc/publisher/31670